[Event "Tarragona Province-ch"]
[Site "Tarragona"]
[Date "2018.11.25"]
[Round "9.8"]
[White "Beltran Reverter, Josep M"]
[Black "Martinez Martin, Jose Javier"]
[Result "0-1"]
[WhiteElo "1785"]
[BlackElo "1975"]
[PlyCount "80"]
[EventDate "2018.09.30"]
[EventType "swiss"]
[EventRounds "9"]
[EventCountry "ESP"]
[SourceTitle "CBM 187 Extra"]
[Source "ChessBase"]
[SourceDate "2018.11.04"]
[SourceVersion "1"]
[SourceVersionDate "2018.11.04"]
[SourceQuality "1"]

1. d4 Nf6 2. c4 g6 3. Nc3 Bg7 4. e4 d6 5. Nf3 0-0 6. Be2 e5 7. 0-0 Nc6 8. d5 Ne7 9. Ne1 Ne8 10. Be3 f5 11. f3 f4 12. Bf2 g5 13. g4 h5 14. h3 Nf6 15. c5 Kf7 16. cxd6 cxd6 17. Rc1 Rh8 18. Nb5 hxg4 19. hxg4 Rh6 20. Ng2 a6 21. Nc7 Qh8 22. Bb6 Rh2 23. Qc2 Qh3 24. Bb5 Nxg4 25. Be8+ Kf6 26. fxg4 Rh1+ 27. Kf2 Qg3+ 28. Ke2 Bxg4+ 29. Kd2 Qxg2+ 30. Rf2 Rxc1 31. Kxc1 Qh1+ 32. Kd2 Rc8 33. Qa4 Qh3 34. Qb4 Rd8 35. Ba4 Nc8 36. Ne8+ Kf7 37. Nxg7 Kxg7 38. Ba7 b5 39. Bxb5 Nxa7 40. Be2 Qe3+ 0-1

[Event "L'Estartit Baix Ter U2200"]
[Site "L'Estartit"]
[Date "2018.09.01"]
[Round "2.1"]
[White "Martinez Martin, Jose Javier"]
[Black "Gallart Zafra, Jaume"]
[Result "0-1"]
[WhiteElo "1975"]
[BlackElo "2173"]
[PlyCount "140"]
[EventDate "2018.09.01"]
[EventType "swiss"]
[EventRounds "6"]
[EventCountry "ESP"]
[SourceTitle "EXT 2024"]
[Source "ChessBase"]
[SourceDate "2023.10.10"]
[SourceVersion "1"]
[SourceVersionDate "2023.10.10"]
[SourceQuality "1"]

1. e4 c5 2. Nf3 d6 3. c4 Bg4 4. h3 Bxf3 5. Qxf3 Nc6 6. Nc3 e6 7. b3 g6 8. Bb2 Bg7 9. Rb1 Nd4 10. Qg3 a6 11. Bd3 Ne7 12. Ne2 Nec6 13. Bc3 0-0 14. 0-0 Qd7 15. Kh1 b5 16. f4 b4 17. Bb2 f5 18. Nxd4 Bxd4 19. h4 Bxb2 20. Rxb2 Qg7 21. Rbb1 Nd4 22. Rfe1 Rae8 23. Re3 fxe4 24. Bxe4 Qf6 25. Rf1 Kh8 26. Qh3 Re7 27. Bd3 Qg7 28. g3 a5 29. Ree1 a4 30. bxa4 Ra8 31. Bb1 Rxa4 32. g4 Ra3 33. Re3 Ra8 34. f5 Rf8 35. fxe6 Rxe6 36. g5 Rxf1+ 37. Qxf1 Qe7 38. Qf4 Kg7 39. Be4 Qf8 40. Qxf8+ Kxf8 41. Kg2 Kg7 42. Kg3 h6 43. gxh6+ Kxh6 44. Kg4 Re5 45. d3 g5 46. Rh3 gxh4 47. Rxh4+ Kg7 48. Rh7+ Kf6 49. Rh6+ Ke7 50. Rh7+ Kd8 51. Ra7 Re7 52. Ra8+ Kd7 53. Ra7+ Ke6 54. Ra8 Ke5 55. Kg3 Ne6 56. Kf2 Rf7+ 57. Ke3 Re7 58. Kf2 Ng5 59. Ke3 Re6 60. Bd5 Re7 61. Be4 Ne6 62. Kf2 Nd4 63. Ke3 Nc2+ 64. Kd2 Na3 65. Ke3 Nb1 66. Ke2 Kd4 67. Ra6 Re6 68. Kf3 Rf6+ 69. Kg4 Nc3 70. a3 Ke5 0-1

[Event "Tarragona-chA"]
[Site "Tarragona"]
[Date "2017.10.29"]
[Round "4"]
[White "Barberans Sola, Sebastian"]
[Black "Martinez Martin, Jose Javier"]
[Result "0-1"]
[WhiteElo "1877"]
[BlackElo "2006"]
[PlyCount "106"]
[EventDate "2017.10.08"]
[EventType "swiss"]
[EventRounds "9"]
[EventCountry "ESP"]
[SourceTitle "CBM 181 Extra"]
[Source "ChessBase"]
[SourceDate "2017.12.12"]
[SourceVersion "1"]
[SourceVersionDate "2017.12.12"]
[SourceQuality "1"]

1. d4 d5 2. Bf4 e6 3. Nf3 c5 4. e3 cxd4 5. exd4 Qb6 6. Qc1 Nc6 7. c3 Nf6 8. Nbd2 Be7 9. h3 Bd7 10. Rb1 Rc8 11. Qd1 a6 12. Bd3 Na5 13. Ne5 Bb5 14. Bc2 h6 15. a4 Bd7 16. 0-0 0-0 17. Re1 Qd8 18. Bd3 Nc6 19. Ndf3 Be8 20. Qd2 Nxe5 21. Nxe5 Nd7 22. Bxh6 Nxe5 23. Rxe5 f5 24. Bf4 Bf7 25. Rbe1 Bf6 26. R5e3 Kh8 27. Rg3 Bh4 28. Bg5 Bxg5 29. Rxg5 Qf6 30. Qf4 Rc6 31. Re3 g6 32. Reg3 Kg7 33. Bxf5 exf5 34. Rxf5 Qd6 35. Qh4 Qd8 36. Rxf7+ Kxf7 37. Qh7+ Ke6 38. Rxg6+ Rf6 39. Rg5 Rc7 40. Qh5 Qf8 41. Rxd5 Rf5 42. Re5+ Rxe5 43. Qxe5+ Kd7 44. d5 Kc8 45. Qe6+ Kb8 46. d6 Rc6 47. c4 Qxd6 48. Qxd6+ Rxd6 49. g4 Kc7 50. Kg2 Kd7 51. Kg3 Rd4 52. g5 Ke6 53. f4 Kf5 0-1